[Event "Holsterhausen- Euskirchen"]
[Site "?"]
[Date "2023.04.23"]
[Round "7.4"]
[White "Bobzin, Pierre"]
[Black "Reckers, Sebastian"]
[Result "0-1"]
[WhiteElo "2105"]
[BlackElo "1971"]
[PlyCount "118"]
[SourceVersionDate "2023.06.22"]

1. Nf3 Nf6 2. g3 g6 3. Bg2 Bg7 4. O-O O-O 5. d3 d6 6. e4 c5 7. Nbd2 Nc6 8. Re1
Qc7 9. a4 e6 10. Nc4 Nd7 11. c3 Rb8 12. a5 b5 13. axb6 axb6 14. Ne3 Nf6 15. Nh4
b5 16. f4 b4 17. c4 Nd4 18. g4 Qd8 19. Nf3 Nxf3+ 20. Bxf3 Nd7 21. Ng2 Bb7 22.
Qe2 Ra8 23. Be3 Ra5 24. h4 Qa8 25. Rxa5 Qxa5 26. Kf2 Qa2 27. Qc2 Qxb2 28. Qxb2
Bxb2 29. Rb1 Bc3 30. e5 Bxf3 31. Kxf3 dxe5 32. Ke4 exf4 33. Nxf4 Rc8 34. Ne2
Bg7 35. g5 f5+ 36. gxf6 Nxf6+ 37. Kf3 Nd7 38. Ke4 Ra8 39. d4 Bf8 40. dxc5 Nxc5+
41. Bxc5 Bxc5 42. Nf4 Kf7 43. Nd3 Be7 44. c5 Rc8 45. Rxb4 Bxh4 46. Rb7+ Kg8 47.
Ke5 Rc6 48. Kd4 Bg3 49. Kc4 h5 50. Kb5 Rc7 51. Rxc7 Bxc7 52. Nf2 Kf7 53. Kc6
Bh2 54. Kd7 g5 55. Ne4 g4 56. c6 Bb8 57. Nd6+ Kf8 58. Ne4 g3 59. Nd2 h4 0-1

[Event "Holsterhausen- Euskirchen"]
[Site "?"]
[Date "2023.04.23"]
[Round "7.5"]
[White "Blumenthal, Ralf"]
[Black "Lindenmaier, Reinhard"]
[Result "0-1"]
[WhiteElo "1875"]
[BlackElo "2060"]
[PlyCount "98"]
[SourceVersionDate "2023.06.22"]

1. d4 d6 2. e4 Nf6 3. Nc3 g6 4. f3 Bg7 5. Be3 Na6 6. Bc4 c6 7. Qd2 d5 8. exd5
cxd5 9. Bb3 h5 10. h4 Nc7 11. Nge2 Bd7 12. Nf4 Bc6 13. Nd3 Nd7 14. Ne2 a5 15.
a4 Ne6 16. Ndf4 Nxf4 17. Nxf4 e6 18. c3 Bf6 19. g3 Nb6 20. Qd3 Qd7 21. Qc2 Nc4
22. Bxc4 dxc4 23. Kf2 Bd5 24. Rhe1 O-O-O 25. Nxd5 exd5 26. Bf4 Rhe8 27. Kg2
Rxe1 28. Rxe1 Re8 29. Rxe8+ Qxe8 30. b3 cxb3 31. Qxb3 Qe2+ 32. Kg1 Qxf3 33. Qb5
Qxc3 34. Qe8+ Bd8 35. Qe5 Qc6 36. Qb8+ Kd7 37. Qe5 Bf6 38. Qe3 Qxa4 39. Be5
Bxe5 40. Qxe5 Qc6 41. Qf4 Qe6 42. Qd2 a4 43. Kf2 a3 44. Qb4 Qa6 45. Qb3 Kc6 46.
Qe3 a2 47. Qe8+ Kb6 48. Qd8+ Ka7 49. Qxd5 a1=Q 0-1

[Event "Holsterhausen- Euskirchen"]
[Site "?"]
[Date "2023.04.23"]
[Round "7.7"]
[White "Lobe, Sandra"]
[Black "Petrovich, Vladan"]
[Result "0-1"]
[WhiteElo "1807"]
[BlackElo "1801"]
[PlyCount "136"]
[SourceVersionDate "2023.06.22"]

1. Nf3 d5 2. d3 Nf6 3. g3 g6 4. Bg2 Bg7 5. O-O O-O 6. Nbd2 c5 7. e4 Nc6 8. Qe2
e5 9. a4 Bg4 10. h3 Nd4 11. Qd1 Bxf3 12. Nxf3 Qd6 13. Re1 dxe4 14. dxe4 Rfd8
15. c3 Nxf3+ 16. Qxf3 Rd7 17. Bf1 a6 18. Bc4 Rad8 19. Qe2 Nh5 20. g4 Nf6 21. f4
Qe7 22. fxe5 Qxe5 23. Qf3 Ne8 24. Bf4 Qe7 25. e5 Nc7 26. Qe4 Ne6 27. Bg3 Rd2
28. Re2 Ng5 29. Qe3 Bh6 30. Kg2 Qd7 31. h4 Qc6+ 32. Kf1 Qh1+ 33. Qg1 Rd1+ 34.
Rxd1 Rxd1+ 35. Re1 Qxg1+ 36. Kxg1 Nf3+ 37. Kf2 Nxe1 38. Ke2 Rb1 39. Bxe1 Rxb2+
40. Kd3 b5 41. axb5 axb5 42. Bd5 Bf4 43. e6 fxe6 44. Bxe6+ Kf8 45. Bd5 g5 46.
hxg5 Bxg5 47. Bf3 Ke7 48. Be4 h6 49. Bf3 Ke6 50. Be4 Bf4 51. c4 b4 52. Bc6 Ke5
53. Bf3 Rb3+ 54. Ke2 Rxf3 55. Kxf3 Bc1 56. Ke2 Kd4 57. Kd1 Bf4 58. Kc2 Kxc4 59.
Bf2 b3+ 60. Kb2 Be5+ 61. Kb1 Kb4 62. Be3 Bg7 63. g5 hxg5 64. Bxg5 c4 65. Be7+
Kc3 66. Ba3 Kd3 67. Bc1 c3 68. Bb2 c2+ 0-1

[Event "Lasker Köln 2- Aachen 2"]
[Site "?"]
[Date "2023.04.23"]
[Round "7.1"]
[White "Coenen, Norbert"]
[Black "Di Franco, Patricio"]
[Result "1-0"]
[WhiteElo "2262"]
[BlackElo "2050"]
[PlyCount "117"]
[SourceVersionDate "2023.06.22"]

1. e4 c5 2. b3 g6 3. Bb2 Nf6 4. Nf3 Bg7 5. e5 Nd5 6. c4 Nf4 7. d4 cxd4 8. Qxd4
Ne6 9. Qe3 Nc6 10. Be2 d6 11. O-O O-O 12. Rd1 Qa5 13. Bc3 Qc5 14. exd6 exd6 15.
Bxg7 Qxe3 16. fxe3 Nxg7 17. Nc3 Nf5 18. e4 Ng7 19. Rxd6 Be6 20. Rad1 Ne8 21.
R6d2 Nf6 22. h3 Rae8 23. Nd4 Bd7 24. Ndb5 Bc8 25. Bf3 Kg7 26. Nc7 Re5 27. N7d5
Ng8 28. Nf4 Nf6 29. Nfd5 Ng8 30. b4 h5 31. c5 h4 32. Nb5 Rg5 33. Kh2 Rg3 34.
Be2 Ne5 35. Nxa7 Be6 36. Nf4 Nf6 37. Bd3 Ra8 38. Nb5 Nxd3 39. Nxe6+ fxe6 40.
Rxd3 Nxe4 41. a3 Nf2 42. Rd7+ Kh6 43. R1d4 g5 44. Rf7 Nd3 45. Rf6+ Kg7 46. Rf3
Rxf3 47. gxf3 Ne5 48. Re4 Nxf3+ 49. Kg2 Nd2 50. Rd4 Nb3 51. Rd7+ Kf6 52. Rxb7
Ke5 53. c6 Nd4 54. Nxd4 Kxd4 55. c7 Rc8 56. b5 Kc5 57. b6 Kc6 58. Rb8 Kd7 59.
Kf3 1-0

[Event "Lasker Köln 2- Aachen 2"]
[Site "?"]
[Date "2023.04.23"]
[Round "7.2"]
[White "Strohmeyer, Jochen"]
[Black "Lamby, Philipp"]
[Result "0-1"]
[WhiteElo "2163"]
[BlackElo "2160"]
[PlyCount "72"]
[SourceVersionDate "2023.06.22"]

1. e4 e5 2. Bc4 Nf6 3. d3 Nc6 4. Nc3 Bc5 5. f4 d6 6. Nf3 exf4 7. Bxf4 Bg4 8.
Qd2 O-O 9. O-O-O Ne5 10. Bxe5 dxe5 11. Rdf1 Qd6 12. Nh4 c6 13. Nf5 Bxf5 14.
Rxf5 b5 15. Bb3 a5 16. a4 Bb4 17. Rhf1 bxa4 18. Ba2 a3 19. bxa3 Bxa3+ 20. Kd1
Qd4 21. Rxf6 gxf6 22. Qh6 Be7 23. Ne2 Qa1+ 24. Nc1 Ba3 25. Kd2 Bxc1+ 26. Rxc1
Qxa2 27. Rf1 Qe6 28. Rf3 Qg4 29. Rg3 Qg6 30. Kc3 a4 31. Kb2 a3+ 32. Ka2 Rfb8
33. Rxg6+ fxg6 34. Qh3 Rb2+ 35. Ka1 a2 36. Qe6+ Kg7 0-1

[Event "Lasker Köln 2- Aachen 2"]
[Site "?"]
[Date "2023.04.23"]
[Round "7.3"]
[White "Huesmann, Thomas"]
[Black "Diesner, Michael"]
[Result "1-0"]
[WhiteElo "2164"]
[BlackElo "2009"]
[PlyCount "137"]
[SourceVersionDate "2023.06.22"]

1. e4 c5 2. Nf3 d6 3. Bb5+ Bd7 4. Bxd7+ Nxd7 5. O-O Ngf6 6. d3 g6 7. Nc3 Bg7 8.
a4 O-O 9. Bg5 h6 10. Bd2 e6 11. h3 b6 12. Nh2 a6 13. f4 Qc7 14. g4 Qc6 15. Qf3
b5 16. g5 hxg5 17. fxg5 Nh5 18. Ng4 f5 19. gxf6 Nhxf6 20. axb5 axb5 21. Rxa8
Qxa8 22. Nxb5 Qa4 23. c4 Nxg4 24. Qxg4 Rxf1+ 25. Kxf1 Ne5 26. Qe2 Qc2 27. Be1
Qxd3 28. Qxd3 Nxd3 29. b3 Be5 30. Bd2 Kf7 31. h4 Ke7 32. Ke2 Nf4+ 33. Kf3 Nd3
34. Bg5+ Kd7 35. Ke2 Nb4 36. Bd2 Nc6 37. Kf3 Bf6 38. Kg3 Ne5 39. Bc3 Kc6 40.
Na3 Nxc4 41. Bxf6 Nxa3 42. Kg4 d5 43. exd5+ Kxd5 44. Kg5 Nb5 45. Kxg6 Nd6 46.
h5 Nf5 47. Bc3 Nh4+ 48. Kg5 Nf5 49. Kf4 Nh6 50. Ke3 Ng4+ 51. Kd3 e5 52. Bd2 e4+
53. Kc3 Ke5 54. Kc4 e3 55. Bc3+ Kf5 56. Kxc5 e2 57. Kd4 Kg5 58. b4 Nf6 59. Be1
Kxh5 60. Kc5 Kg6 61. Kc6 Kf7 62. b5 Ke8 63. b6 Nd7 64. b7 Kd8 65. Bh4+ Ke8 66.
Kc7 e1=Q 67. Bxe1 Ke7 68. Bb4+ Ke6 69. Ba3 1-0

[Event "Lasker Köln 2- Aachen 2"]
[Site "?"]
[Date "2023.04.23"]
[Round "7.4"]
[White "Rosenkraenzer, Torsten"]
[Black "Meyer, Mario"]
[Result "1-0"]
[WhiteElo "2016"]
[BlackElo "2155"]
[PlyCount "27"]
[SourceVersionDate "2023.06.22"]

1. d4 f5 2. Bg5 g6 3. Nc3 Bg7 4. f3 d5 5. e3 c6 6. Qd2 Be6 7. Bd3 Nd7 8. h3
Ngf6 9. g4 Nf8 10. Nge2 Qd7 11. O-O-O O-O-O 12. Na4 fxg4 13. Qa5 b6 14. Nxb6+
1-0

[Event "Lasker Köln 2- Aachen 2"]
[Site "?"]
[Date "2023.04.23"]
[Round "7.5"]
[White "Weinkauf, Viktor"]
[Black "Senay, Baris"]
[Result "0-1"]
[WhiteElo "1985"]
[BlackElo "1986"]
[PlyCount "66"]
[SourceVersionDate "2023.06.22"]

1. d4 d5 2. c4 e6 3. Nc3 Nf6 4. cxd5 exd5 5. Bg5 Nbd7 6. e3 Be7 7. Bd3 c6 8.
Qc2 O-O 9. h3 Re8 10. Nf3 Nf8 11. Ne5 N6d7 12. Bxe7 Qxe7 13. Nxd7 Bxd7 14. O-O
Qh4 15. Ne2 Ng6 16. b4 Qg5 17. Ng3 h5 18. Kh2 Nh4 19. a4 Re7 20. Rg1 Rae8 21.
b5 f5 22. bxc6 bxc6 23. f4 Qf6 24. Nf1 g5 25. Qf2 gxf4 26. Qxf4 Ng6 27. Qg3 h4
28. Qf2 c5 29. dxc5 Qxa1 30. c6 Qe5+ 31. Kh1 Bxc6 32. Nh2 Rf8 33. Nf3 Qxe3 0-1

[Event "Lasker Köln 2- Aachen 2"]
[Site "?"]
[Date "2023.04.23"]
[Round "7.6"]
[White "Fohler, Claus"]
[Black "Winkels, Marcel"]
[Result "1-0"]
[WhiteElo "2280"]
[BlackElo "1960"]
[PlyCount "121"]
[SourceVersionDate "2023.06.22"]

1. d4 Nf6 2. Nc3 d5 3. Bf4 c6 4. e3 Bf5 5. f3 e6 6. g4 Bg6 7. h4 h5 8. g5 Ng8
9. Bd3 Bxd3 10. Qxd3 Bd6 11. Nge2 Ne7 12. O-O-O Bxf4 13. Nxf4 g6 14. e4 Na6 15.
Qe3 Qd7 16. Nd3 O-O-O 17. Ne5 Qe8 18. Na4 b6 19. Qa3 Kb7 20. b3 Nc8 21. Rhe1
Qf8 22. Qb2 Nd6 23. c4 Nb8 24. Kb1 dxe4 25. fxe4 Nd7 26. d5 Nxe5 27. Qxe5 Qe7
28. c5 Nc8 29. b4 exd5 30. exd5 Qxe5 31. Rxe5 cxd5 32. Rf1 Rhf8 33. Rf6 bxc5
34. bxc5 d4 35. Kc1 Kc7 36. Nb2 Rd7 37. Nd3 Re7 38. Rxe7+ Nxe7 39. Ne5 Nd5 40.
Ra6 Kb7 41. Rd6 Nf4 42. Rd7+ Ka6 43. c6 Kb6 44. Kd2 Ne6 45. Rb7+ Ka6 46. Nd3
Rc8 47. Nb4+ Ka5 48. a3 Nd8 49. Rxa7+ Kb5 50. c7 Nc6 51. Rb7+ Kc5 52. Na6+ Kd6
53. Rb6 Kd7 54. Nb8+ Kxc7 55. Rxc6+ Kxb8 56. Rxc8+ Kxc8 57. Kd3 Kd7 58. Kxd4 f5
59. gxf6 Ke6 60. a4 Kxf6 61. a5 1-0

[Event "Lasker Köln 2- Aachen 2"]
[Site "?"]
[Date "2023.04.23"]
[Round "7.7"]
[White "Breitkopf, Patrick"]
[Black "Mews, Bernhard"]
[Result "1-0"]
[WhiteElo "1714"]
[BlackElo "1952"]
[PlyCount "51"]
[SourceVersionDate "2023.06.22"]

1. e4 c5 2. Nf3 e6 3. d4 cxd4 4. Nxd4 a6 5. Nc3 b5 6. Be3 Bb7 7. f3 Nf6 8. Qd2
Qc7 9. g4 b4 10. Nce2 e5 11. Nf5 h6 12. c4 Qxc4 13. Rc1 Qe6 14. Rc7 g6 15. Nxh6
Bxh6 16. Bxh6 Qb6 17. Rxb7 Qxb7 18. Bg7 Nxe4 19. fxe4 Qxe4 20. Bxh8 Qxh1 21.
Ng3 Qb7 22. Bg2 Nc6 23. Bf6 Qc7 24. Qh6 Qd6 25. Ne4 Qf8 26. Bg7 1-0

[Event "Welper- Düsseldorf 2"]
[Site "?"]
[Date "2023.04.23"]
[Round "7.1"]
[White "Harff, Marcel"]
[Black "Fuellgrabe, Thomas"]
[Result "1-0"]
[WhiteElo "2314"]
[BlackElo "2197"]
[PlyCount "81"]
[SourceVersionDate "2023.06.22"]

1. c4 e6 2. Nf3 d5 3. e3 Nf6 4. b3 Nbd7 5. Bb2 Bd6 6. Nc3 O-O 7. Be2 a6 8. g4
dxc4 9. g5 Nd5 10. bxc4 Nxc3 11. Bxc3 e5 12. Qc2 Qe7 13. h4 Nc5 14. Rg1 b5 15.
d4 exd4 16. Nxd4 Ne4 17. Bf3 Bb4 18. Nc6 Bxc3+ 19. Qxc3 Qe6 20. Qd4 Re8 21. Rd1
Bb7 22. Qxe4 Qxe4 23. Bxe4 Rxe4 24. Na5 Rxh4 25. Nxb7 Rxc4 26. Ke2 Kf8 27. Rc1
Ra4 28. Rxc7 Rxa2+ 29. Kf3 Rd2 30. Rh1 Kg8 31. Rhc1 g6 32. Rc8+ Rxc8 33. Rxc8+
Kg7 34. Ra8 Rd5 35. Kg4 b4 36. Rxa6 Rb5 37. Nd6 Rb8 38. Ra2 Rb6 39. Ne8+ Kf8
40. Nf6 Kg7 41. Ra8 1-0

[Event "Welper- Düsseldorf 2"]
[Site "?"]
[Date "2023.04.23"]
[Round "7.2"]
[White "Kemna, Guido"]
[Black "Hainke, Guntram"]
[Result "1/2-1/2"]
[WhiteElo "2148"]
[BlackElo "2255"]
[PlyCount "120"]
[SourceVersionDate "2023.06.22"]

1. e4 c6 2. d4 d5 3. e5 c5 4. c3 Nc6 5. Nf3 cxd4 6. cxd4 Bg4 7. Bb5 e6 8. Bxc6+
bxc6 9. O-O Qb6 10. Nbd2 Ne7 11. h3 Bxf3 12. Nxf3 Ng6 13. Qc2 Be7 14. Be3 O-O
15. Rfc1 Rfc8 16. Ne1 Nh4 17. Nd3 Nf5 18. Qc3 Rab8 19. Rab1 Bb4 20. Nxb4 Qxb4
21. a3 Qb3 22. Qxb3 Rxb3 23. Rc3 Rb6 24. Rc5 Rb3 25. Rc3 Rb5 26. b3 h5 27. Rbc1
a5 28. g4 hxg4 29. hxg4 Ne7 30. Bg5 Kf8 31. Bxe7+ Kxe7 32. Kg2 f6 33. f4 Kd7
34. Rh1 Ke7 35. Rh7 Kf7 36. f5 fxe5 37. dxe5 d4 38. Rd3 Rxe5 39. Rxd4 Rc7 40.
fxe6+ Kxe6 41. Rh8 Re2+ 42. Kf3 Rb2 43. Re8+ Kf7 44. Re3 Rb7 45. Rf4+ Kg8 46.
Ra4 Rb5 47. Kf4 Kf7 48. Re5 Rf2+ 49. Kg3 Rxe5 50. Kxf2 Rb5 51. b4 axb4 52. axb4
Ke6 53. Ke3 Ke5 54. Ra5 g5 55. Ra4 Kd6 56. Ke4 Re5+ 57. Kd4 Rd5+ 58. Ke3 Re5+
59. Kd4 Rd5+ 60. Ke3 Re5+ 1/2-1/2

[Event "Welper- Düsseldorf 2"]
[Site "?"]
[Date "2023.04.23"]
[Round "7.3"]
[White "Mueller, Michael"]
[Black "Bastians, Felix"]
[Result "1/2-1/2"]
[WhiteElo "2207"]
[BlackElo "2187"]
[PlyCount "75"]
[SourceVersionDate "2023.06.22"]

1. e4 Nf6 2. Nc3 d6 3. d4 g6 4. h3 Bg7 5. Be3 Nc6 6. Qd2 e5 7. d5 Ne7 8. O-O-O
Bd7 9. f3 Nh5 10. g4 Ng3 11. Rh2 f5 12. Bd3 f4 13. Bf2 h5 14. gxh5 gxh5 15. h4
Ng6 16. Qe1 a6 17. Bxg3 fxg3 18. Qxg3 Qf6 19. Kb1 Bh6 20. Nge2 Ke7 21. Qf2 Raf8
22. Rf1 Rhg8 23. a3 Nf4 24. Nxf4 Qxf4 25. Rhh1 Qe3 26. Qxe3 Bxe3 27. Be2 Rf4
28. Nd1 Bb6 29. Rh2 Rg3 30. Nf2 Rgxf3 31. Bxf3 Rxf3 32. c4 Be3 33. Kc2 Bf4 34.
Rhh1 Ba4+ 35. Kb1 Bd7 36. Kc2 Ba4+ 37. Kb1 Bd7 38. Kc2 1/2-1/2

[Event "Welper- Düsseldorf 2"]
[Site "?"]
[Date "2023.04.23"]
[Round "7.4"]
[White "Schaller, Fabian"]
[Black "Berndt, Axel"]
[Result "1/2-1/2"]
[WhiteElo "2077"]
[BlackElo "2131"]
[PlyCount "110"]
[SourceVersionDate "2023.06.22"]

1. Nf3 Nf6 2. b3 e6 3. Bb2 c5 4. c4 b6 5. g3 Bb7 6. Bg2 Be7 7. O-O d6 8. d4
cxd4 9. Nxd4 Bxg2 10. Kxg2 Qc7 11. Nc3 a6 12. e4 O-O 13. Qd2 Nbd7 14. Rae1 Rad8
15. h3 Qb7 16. Kh2 Rfe8 17. Qc2 Rc8 18. Qe2 Qb8 19. f4 Nf8 20. f5 N6d7 21. Nd1
Bf6 22. fxe6 fxe6 23. Ne3 Ne5 24. Ng4 Nxg4+ 25. Qxg4 Be5 26. Re2 Rc7 27. Rxf8+
Rxf8 28. Nxe6 Rcf7 29. Nxf8 Qxf8 30. Kg2 Bxb2 31. Rxb2 Rf6 32. Qe2 Qe8 33. Qe3
b5 34. Qd4 h6 35. cxb5 axb5 36. a4 Re6 37. Re2 Kh8 38. a5 Re5 39. a6 Qa8 40. a7
Re7 41. Qxd6 Qxa7 42. Qd5 Qb8 43. e5 Qe8 44. e6 Kh7 45. h4 Qg6 46. h5 Qe8 47.
Kh2 g6 48. Qe5 gxh5 49. Qf6 h4 50. Re3 hxg3+ 51. Rxg3 Qh5+ 52. Rh3 Qe2+ 53. Kh1
Qd1+ 54. Kh2 Qd2+ 55. Kh1 Qd1+ 1/2-1/2

[Event "Welper- Düsseldorf 2"]
[Site "?"]
[Date "2023.04.23"]
[Round "7.5"]
[White "Partenheimer, Axel"]
[Black "Schaller, Torsten"]
[Result "1/2-1/2"]
[WhiteElo "2119"]
[BlackElo "1968"]
[Annotator "daniel"]
[PlyCount "58"]
[SourceVersionDate "2023.06.22"]

1. Nf3 d5 2. g3 Nf6 3. Bg2 Bf5 4. c4 c6 5. Qb3 Qb6 6. d3 e6 7. Be3 Qxb3 8. axb3
a6 9. Nh4 Bg6 10. Nc3 Nbd7 11. Nxg6 hxg6 12. d4 Bd6 13. Bg5 O-O 14. O-O Rfe8
15. Rad1 Be7 16. Rfe1 Bb4 17. Bd2 Bf8 $11 18. e4 dxe4 19. Nxe4 Nxe4 20. Bxe4
Nf6 21. Bf3 Red8 22. Ba5 Rd7 23. h4 Be7 24. Kg2 Bd8 25. Bc3 Bb6 26. Rd2 Rdd8
27. Red1 Ba7 28. Ba5 Rdc8 29. Bc3 Rd8 1/2-1/2

[Event "Welper- Düsseldorf 2"]
[Site "?"]
[Date "2023.04.23"]
[Round "7.6"]
[White "Conrad, Joachim"]
[Black "Zimmermann, Rolf"]
[Result "0-1"]
[WhiteElo "2026"]
[BlackElo "2064"]
[PlyCount "58"]
[SourceVersionDate "2023.06.22"]

1. d4 d5 2. Nf3 Nf6 3. e3 Bg4 4. h3 Bxf3 5. Qxf3 c6 6. c3 Nbd7 7. Nd2 e5 8.
dxe5 Nxe5 9. Qe2 Ne4 10. Nf3 Bd6 11. g3 Nxf3+ 12. Qxf3 O-O 13. Bg2 Qc7 14. O-O
Rae8 15. Qe2 Re6 16. c4 Bxg3 17. fxg3 Nxg3 18. Qg4 Rg6 19. Qh4 Nxf1 20. Kxf1
Qh2 21. Qf2 Rf6 22. Bf3 Qxh3+ 23. Ke2 dxc4 24. Bd2 Re8 25. Rd1 Rfe6 26. e4
Rxe4+ 27. Bxe4 Qg4+ 28. Ke1 Qxe4+ 29. Kf1 Qh1+ 0-1

[Event "Welper- Düsseldorf 2"]
[Site "?"]
[Date "2023.04.23"]
[Round "7.7"]
[White "Moeller, Lisa- Marie"]
[Black "Sondermann, Dirk"]
[Result "1/2-1/2"]
[WhiteElo "1899"]
[BlackElo "1837"]
[PlyCount "44"]
[SourceVersionDate "2023.06.22"]

1. e4 e6 2. d4 d5 3. Nd2 h6 4. Ngf3 Nf6 5. e5 Nfd7 6. Bd3 c5 7. c3 Nc6 8. O-O
g5 9. Bb5 g4 10. Ne1 cxd4 11. cxd4 Nxd4 12. Bxd7+ Bxd7 13. Qxg4 Nf5 14. Nef3 h5
15. Qg5 Be7 16. Qf4 Rg8 17. h3 Bc6 18. Nd4 Nxd4 19. Qxd4 Qb6 20. Nb3 Qxd4 21.
Nxd4 Bc5 22. Be3 Bxd4 1/2-1/2

[Event "Welper- Düsseldorf 2"]
[Site "?"]
[Date "2023.04.23"]
[Round "7.8"]
[White "Hoettler, Alexander"]
[Black "Herzum, Peter"]
[Result "0-1"]
[WhiteElo "1881"]
[BlackElo "2056"]
[PlyCount "160"]
[SourceVersionDate "2023.06.22"]

1. e4 c5 2. Nf3 d6 3. d4 cxd4 4. Nxd4 Nf6 5. Nc3 Nc6 6. Be2 e5 7. Nb3 Be7 8.
Be3 Be6 9. Bf3 O-O 10. Qd2 Ng4 11. Bxg4 Bxg4 12. Nd5 f5 13. exf5 Rc8 14. c3 Qe8
15. O-O Bxf5 16. Nc1 Bd8 17. Ne2 Kh8 18. Ng3 Qg6 19. Kh1 Be6 20. f4 Bh4 21. Ne2
Qh5 22. Bf2 Bxd5 23. Qxd5 Qxe2 24. Bxh4 exf4 25. Rf2 Qg4 26. Qg5 Qf5 27. Qxf5
Rxf5 28. Rd2 Re8 29. Rxd6 Re2 30. b3 g5 31. Be1 f3 32. gxf3 Ne5 33. Bg3 Nxf3
34. Rd7 Rf4 35. Rd3 Rf7 36. a4 h5 37. Rf1 g4 38. b4 h4 39. Bd6 h3 40. Bg3 Ra2
41. Rdd1 Re7 42. Rf2 Ree2 43. Rxe2 Rxe2 44. Rc1 Ra2 45. a5 Rb2 46. a6 b5 47.
Bd6 Kg8 48. Bg3 Kf7 49. Rd1 Rc2 50. Bb8 Ke6 51. Rd6+ Ke7 52. Rd1 Ke8 53. c4
Rxc4 54. Bxa7 Rc2 55. Bb8 Ra2 56. a7 Ke7 57. Rc1 Kd8 58. Rd1+ Kc8 59. Rc1+ Kb7
60. Rc7+ Ka8 61. Rc1 Rb2 62. Bd6 Kxa7 63. Bb8+ Kb7 64. Bd6 Rd2 65. Bg3 Rd4 66.
Rb1 Kc6 67. Bf2 Rd2 68. Bg3 Kd5 69. Bf2 Rc2 70. Bg3 Kc4 71. Bf4 Rg2 72. Bd6 Ng5
73. Rc1+ Kd3 74. Rd1+ Ke2 75. Ra1 Ne4 76. Bc5 g3 77. Ra3 Rxh2+ 78. Kg1 Rg2+ 79.
Kh1 Rf2 80. Re3+ Kf1 0-1

[Event "Kleve- Borbeck"]
[Site "?"]
[Date "2023.04.23"]
[Round "7.1"]
[White "Loyen, Egbert"]
[Black "Shakhverdian, William"]
[Result "1/2-1/2"]
[WhiteElo "2181"]
[BlackElo "2165"]
[PlyCount "63"]
[SourceVersionDate "2023.06.22"]

1. Nf3 d5 2. g3 g6 3. Bg2 Bg7 4. c4 c6 5. Qa4 dxc4 6. Qxc4 e5 7. O-O Be6 8. Qc2
Ne7 9. d3 h6 10. Nbd2 O-O 11. Nc4 Qc7 12. Bd2 Nd7 13. Rfc1 Rad8 14. a4 Nd5 15.
e4 Ne7 16. b4 Bg4 17. Ne3 Bxf3 18. Bxf3 Nb6 19. a5 Na8 20. Ra3 Qd7 21. Qc4 Nc7
22. Bg4 Qd6 23. Rb3 Nb5 24. Qc5 h5 25. Bd1 Nd4 26. Rb2 Nc8 27. Qxd6 Nxd6 28.
Nc4 N6b5 29. Be3 a6 30. Kg2 Ne6 31. Be2 Ned4 32. Bd1 1/2-1/2

[Event "Kleve- Borbeck"]
[Site "?"]
[Date "2023.04.23"]
[Round "7.2"]
[White "Verfuerth, Kevin"]
[Black "Hillenbrand, Michael"]
[Result "1-0"]
[WhiteElo "2000"]
[BlackElo "2174"]
[PlyCount "119"]
[SourceVersionDate "2023.06.22"]

1. c4 c5 2. Nf3 g6 3. g3 Bg7 4. Bg2 Nc6 5. Nc3 d6 6. O-O e5 7. e3 Bg4 8. h3 Be6
9. b3 h6 10. Bb2 Nge7 11. Ne2 O-O 12. d4 exd4 13. exd4 Bf5 14. Qd2 Be4 15. dxc5
dxc5 16. Bxg7 Kxg7 17. Qc3+ Kh7 18. Rad1 Qc7 19. Nd2 Bxg2 20. Kxg2 Nf5 21. Ne4
Ncd4 22. Nxd4 cxd4 23. Nf6+ Kg7 24. Nd5 Qc6 25. Qd3 b5 26. g4 bxc4 27. bxc4 Nd6
28. Qxd4+ f6 29. Rc1 Rac8 30. Rc3 Nxc4 31. Rfc1 Rcd8 32. Rxc4 Qxd5+ 33. Qxd5
Rxd5 34. Rc7+ Rf7 35. Rxf7+ Kxf7 36. Rc7+ Ke6 37. Rxa7 h5 38. Ra3 hxg4 39. hxg4
g5 40. Re3+ Kf7 41. a4 Rd4 42. Ra3 Rxg4+ 43. Kf3 Rc4 44. a5 Rc7 45. a6 Ra7 46.
Ke4 Ke6 47. Ra5 f5+ 48. Kd4 g4 49. Kc5 Ra8 50. Kb6 Kf6 51. a7 Kg5 52. Kb7 Rf8
53. a8=Q Rxa8 54. Kxa8 Kf4 55. Ra3 Kg5 56. Kb7 f4 57. Kc6 Kh4 58. Kd5 g3 59.
fxg3+ fxg3 60. Ke4 1-0

[Event "Kleve- Borbeck"]
[Site "?"]
[Date "2023.04.23"]
[Round "7.3"]
[White "Korste, Sebastian"]
[Black "Wiegersma, Justus"]
[Result "1/2-1/2"]
[WhiteElo "2002"]
[BlackElo "1971"]
[Annotator "daniel"]
[PlyCount "110"]
[SourceVersionDate "2023.06.22"]

1. d4 b6 2. c4 Bb7 3. Nc3 e6 4. a3 Nf6 5. d5 exd5 6. cxd5 c6 7. g3 Nxd5 8. Nxd5
cxd5 9. Bg2 Bc5 10. Nh3 Nc6 11. Bxd5 Qf6 12. O-O O-O 13. Ng5 Be7 14. Nf3 Qf5
15. Kg2 Bf6 16. e4 Qh5 17. h3 Rfe8 18. Rb1 Na5 19. Bxb7 Nxb7 20. Qxd7 Nc5 21.
Qf5 Qg6 22. Qxg6 hxg6 23. e5 Bxe5 24. Nxe5 Rxe5 25. Be3 Rd8 $11 26. b4 Ne6 27.
Rbc1 Red5 28. Rc4 b5 29. Rc6 R5d6 30. Rxd6 Rxd6 31. Bxa7 Ra6 32. Bc5 Rxa3 33.
Rc1 g5 34. Be7 Ra7 35. Rc8+ Kh7 36. Bc5 Rb7 37. Be3 Kg6 38. Rc6 Kf5 39. Kf3 Ke5
40. Kg4 g6 41. Bc5 Kd5 42. Rc8 f5+ 43. Kf3 Nxc5 44. Rxc5+ Kd6 45. g4 Ke6 46.
Ke3 Rb6 47. f4 gxf4+ 48. Kxf4 fxg4 49. hxg4 Kf6 50. g5+ Ke6 51. Ke4 Kd6 52.
Rd5+ Ke6 53. Rc5 Kd6 54. Rd5+ Ke6 55. Re5+ Kd6 1/2-1/2

[Event "Kleve- Borbeck"]
[Site "?"]
[Date "2023.04.23"]
[Round "7.4"]
[White "Van Kuijk, Vadim"]
[Black "Dewenter, Ulf"]
[Result "1-0"]
[WhiteElo "1984"]
[BlackElo "2104"]
[PlyCount "59"]
[SourceVersionDate "2023.06.22"]

1. e4 e5 2. Nf3 Nc6 3. d4 exd4 4. Nxd4 Nf6 5. Nxc6 bxc6 6. e5 Qe7 7. Qe2 Nd5 8.
h4 d6 9. c4 Nb6 10. exd6 cxd6 11. b3 Qxe2+ 12. Bxe2 Be7 13. Bb2 O-O 14. Nd2 Be6
15. g3 d5 16. cxd5 cxd5 17. O-O a5 18. Bb5 Nd7 19. Rfe1 Nf6 20. Nf3 Rab8 21.
Nd4 Bc5 22. a4 Bd7 23. Bxd7 Nxd7 24. Nb5 Rfe8 25. Bc3 Bb4 26. Rxe8+ Rxe8 27.
Bxb4 axb4 28. Nc7 Rc8 29. Nxd5 Kf8 30. a5 1-0

[Event "Kleve- Borbeck"]
[Site "?"]
[Date "2023.04.23"]
[Round "7.5"]
[White "Klasmeier, Jens"]
[Black "Huysman, Arie"]
[Result "1/2-1/2"]
[WhiteElo "2112"]
[BlackElo "2017"]
[PlyCount "54"]
[SourceVersionDate "2023.06.22"]

1. e4 e5 2. Nf3 Nc6 3. Nc3 Nf6 4. d4 exd4 5. Nd5 Be7 6. Bc4 Nxe4 7. O-O O-O 8.
Re1 Nf6 9. Nxe7+ Nxe7 10. Qxd4 d5 11. Bd3 Nf5 12. Qc3 h6 13. Bf4 c6 14. h3 Nd6
15. Rad1 Re8 16. Rxe8+ Nfxe8 17. Qe5 Bd7 18. Re1 Rc8 19. b3 b5 20. Qd4 a5 21.
Be5 Nb7 22. Re3 Be6 23. Qf4 Nc5 24. Bxg7 Nxg7 25. Qxh6 Nxd3 26. Ng5 Bf5 27.
cxd3 f6 1/2-1/2

[Event "Kleve- Borbeck"]
[Site "?"]
[Date "2023.04.23"]
[Round "7.6"]
[White "Verfuerth, Thomas"]
[Black "Poetter, Clemens"]
[Result "1/2-1/2"]
[WhiteElo "2060"]
[BlackElo "2061"]
[PlyCount "58"]
[SourceVersionDate "2023.06.22"]

1. c4 c6 2. e4 d5 3. cxd5 cxd5 4. exd5 Nf6 5. Bb5+ Nbd7 6. Bc4 Nb6 7. Nc3 Nfxd5
8. Nxd5 Nxd5 9. Nf3 e6 10. Ne5 Bd6 11. Bb5+ Kf8 12. Nf3 a6 13. Ba4 b5 14. Bc2
Bb7 15. O-O Nf4 16. d4 Rc8 17. Bxf4 Bxf4 18. Bb3 g5 19. Re1 Kg7 20. g3 Bb8 21.
Ne5 Qf6 22. Qh5 Bxe5 23. Rxe5 h6 24. Qe2 Bf3 25. Qe3 Rc6 26. Rc1 Rhc8 27. Rxc6
Rxc6 28. Rc5 Rd6 29. Re5 Rc6 1/2-1/2

[Event "Kleve- Borbeck"]
[Site "?"]
[Date "2023.04.23"]
[Round "7.7"]
[White "Mundil, Uwe"]
[Black "Brandt, Thorsten"]
[Result "0-1"]
[WhiteElo "1967"]
[BlackElo "1880"]
[PlyCount "86"]
[SourceVersionDate "2023.06.22"]

1. e4 e6 2. d4 d5 3. Nd2 c5 4. exd5 exd5 5. Ngf3 Nc6 6. Bb5 Qe7+ 7. Qe2 Qxe2+
8. Kxe2 a6 9. Bxc6+ bxc6 10. c3 f6 11. Re1 Bg4 12. dxc5 Bxc5 13. Nb3 Bd6 14. h3
Bh5 15. Be3 Rb8 16. Rad1 Ne7 17. Rd2 Kf7 18. g4 Bg6 19. Ba7 Rb7 20. Bc5 Bf4 21.
Rd4 Be5 22. Ra4 Bc2 23. Kd2 Be4 24. Nxe5+ fxe5 25. Bxe7 Kxe7 26. Rxa6 Rf8 27.
Re2 Kd6 28. Ra4 Rf3 29. h4 Rbf7 30. Ke1 Rh3 31. h5 Rh1+ 32. Kd2 Rb1 33. Nc1
Rxb2+ 34. Ke1 Rb1 35. Kd2 Rb2+ 36. Ke1 Rb1 37. Kd2 Rf4 38. g5 Rg4 39. h6 gxh6
40. gxh6 Rg1 41. Rexe4 dxe4 42. Ne2 Rb2+ 43. Ke3 Re1 0-1